Código aeronáutico Citas de jurisprudencia. Anotaciones y concordancias. Índice temático.

Bewaard in:
Bibliografische gegevens
Coauteur: Chile
Andere auteurs: Prado Donoso, Maximiliano
Formaat: Boek
Taal:Spaans
Gepubliceerd in: Santiago, Chile: LexisNexis, 2005
Editie:Quinta Edición,
Onderwerpen:
Tags: Voeg label toe
Geen labels, Wees de eerste die dit record labelt!

MARC

LEADER 00000nam a2200000 a 4500
001 UCK3872
003 CL-VaPUC
005 20241219125728.0
008 050513e20050000CL |||||||||||||||||spa|d
999 |c 312922  |d 312920 
020 |a 9562384667 
040 |c Pontificia Universidad Católica de Valparaíso 
082 0 4 |a 343.83097 CHI 2005  |2 21 
110 1 |a Chile  |9 890760 
245 1 0 |a Código aeronáutico  |b  Citas de jurisprudencia. Anotaciones y concordancias. Índice temático. 
250 |a Quinta Edición,  |b Actualizada al 18 de febrero de 2005 
260 |a Santiago, Chile:  |b LexisNexis,  |c 2005 
300 |a 199 páginas 
505 |a -Título Preliminar. -Título I. De la infraestructura aeronáutica. -Título II. De la aeronave. -Título III. Del personal aeronáutico. -Título IV. De la circulación aérea. -Título V. De la aeronáutica no comercial. -Título VI. De la aeronáutica comercial. -Título VII. Del explotador. -Título VIII. De los contratos aeronáuticos. -Título IX. De la responsabilidad aeronáutica. -Título X. De la búsqueda, asistencia y salvamento de aeronaves. -Título XI. De la investigación de accidentes e incidentes de aviación. -Título XII. De la autoridad aeronáutica y de las infracciones a la ley y reglamentos aeronáuticos. -Título XIII. De los delitos contra la seguridad de la aviación civil. Apéndice: -Ley N.º 16.752. Fija organización y funciones y establece disposiciones generales a la Dirección General de Aeronáutica Civil. (D.O. de 17 de febrero de 1968) -Decreto Supremo N.º 148. Aprueba Reglamento del Procedimiento Infraccional Aeronáutico (DAR-51). (D.O. de 25 de noviembre de 2004) -Decreto con Fuerza de Ley N.º 241. Fusiona y reorganiza diversos servicios relacionados con la Aviación Civil. (D.O. de 6 de abril de 1960) -Decreto Ley N.º 2.564. Dicta normas sobre aviación comercial, modifica los Decretos con Fuerza de Ley números 221, de 1931, y 241, de 1960, y deroga los preceptos que señala. (D.O. de 22 de junio de 1979) -Decreto N.º 538. Aprueba Acuerdo relativo al tránsito de los Servicios Aéreos Internacionales. (D.O. de 24 de octubre de 1974) -Decreto N.º 458. Convenio para la Unificación de ciertas reglas relativas al Transporte Aéreo Internacional de 12 de octubre de 1929, en Varsovia, y al Protocolo que lo modifica de 28 de septiembre de 1955, en la Haya. (D.O. de 13 de agosto de 1979) -Decreto N.º 1.383. Promulga los Protocolos Adicionales N.°s 1 y 2 al Convenio para la Unificación de ciertas reglas relativas al Transporte Aéreo Internacional, de 1929. (D.O. de 9 de diciembre de 1997) -Decreto N.º 509 bis. Promulga Convenio de Aviación Civil Internacional (OACI), (D.O. de 6 de diciembre de 1957) -Decreto N.º 289. Promulga Convenio relativo al Reconocimiento Internacional de Derechos sobre Aeronaves. (D.O. de 13 de junio de 1961) -Decreto N.º 711. Aprueba Convenio sobre las Infracciones y ciertos otros actos cometidos a bordo de las aeronaves. (D.O. de 17 de diciembre de 1974) -Decreto N.º 147. Aprueba Convenio para la represión del apoderamiento Ilícito de Aeronaves. (D.O. de 19 de abril de 1972) -Decreto N.º 736. Promulga Convenio para la represión de actos ilícitos contra la seguridad de la Aviación Civil. (D.O. de 11 de diciembre de 1975) -Decreto N.º 519. Promulga el Protocolo para la represión de actos ilícitos de violencia en los aeropuertos que presten servicios a la Aviación Civil Internacional, complementario del Convenio para la represión de actos ilícitos contra la seguridad de la Aviación Civil, de 1971. (D.O. de 9 de septiembre de 1989) 
583 |a last modification  |c 20161003 12:18:01  |k Rodrigo Vera 
650 1 |a  Aeronáutica  |x Aspectos jurídicos   |z Chile  |9 880594 
650 1 |a  Aeronáutica   |x  Legislación   |z Chile   |9 880595 
650 1 |a  Derecho aéreo   |z  Chile   |9 880596 
700 |a Prado Donoso, Maximiliano  |9 894972 
942 |c BK  |2 ddc 
945 |d 20050513 00:00:00  |a cmena 
952 |0 0  |1 0  |4 0  |6 343_830970000000000_CHI_2005  |7 0  |8 R  |9 383790  |a BIBDER  |b BIBDER  |d 2019-11-22  |i 4125746  |o 343.83097 CHI 2005  |p 4125746  |r 2023-01-25  |w 2019-11-22  |y BK_R  |k DER 
952 |0 0  |1 0  |4 0  |6 343_830970000000000_CHI_2005  |7 0  |8 R  |9 383791  |a BIBDER  |b BIBDER  |d 2019-11-22  |i 4125754  |o 343.83097 CHI 2005  |p 4125754  |r 2023-01-25  |w 2019-11-22  |y BK_R  |k DER 
952 |0 0  |1 0  |4 0  |6 343_830970000000000_CHI_2005  |7 0  |8 R  |9 383792  |a BIBDER  |b BIBDER  |d 2019-11-22  |i 4125762  |o 343.83097 CHI 2005  |p 4125762  |r 2019-11-22  |w 2019-11-22  |y BK_R  |k DER